00374nam a2200121 a 450000500170000000800410001705000270005824500620008526000340014730000170018144000240019865000300022220140412111402.0060131s19uu xx 00 eng d aTR(GS 428.4bPo75 1997 aPoldy plays ball, B3 /cillustrated by Karen E. Pellaton. aChicago :bWorld book,c1997. a12 p. ; ill. aWorld Book, Level B aReadingxEnglish language